MDQL
is popping MORE tags! Check the
thread
!
Quizzes
Events
Quiz Creation
Community
Videos
Private Events
Remove Ads
Sign In
Join for FREE
Feedback
Dark Mode
Quiz Categories
Sports
Geography
Music
Movies
Television
Just For Fun
Miscellaneous
History
Literature
Language
Science
Gaming
Entertainment
Religion
Holiday
For Kids
Quiz Lab
Recent
Popular Today
Quiz Kudos Today
Editor Picks
Curator Picks
Quizzes by...
Day
Popularity
Type
Ratings
Length
Year
Community
Subscriptions
Recent Discussions
Orange Saloon
Badges
Playlists
Quests
Create
Leaderboards
Showdown
Live 5
Trivia Bingo
Activity
Puzzle Library
Sporcle Events
Private Events
Virtual Trivia
Globe League
Become a Host
Pub Owners
SporcleCon
Opinionation
Our Games
Videos
Blog
Mobile Apps
Partnerships
Remove Ads and Go Orange
Feedback
Sports
Athletes
MLB
NBA
NHL
NFL
Soccer
Sports Teams
WWE
NCAA
Football
Premier League
Basketball
Baseball
Hockey
Golf
Tennis
Cricket
Rugby
Auto Racing
Olympics
World Cup
Sports
Athletes
MLB
NBA
NHL
NFL
Soccer
Sports Teams
WWE
NCAA
Football
Premier League
Basketball
Baseball
Hockey
Golf
Tennis
Cricket
Rugby
Auto Racing
Olympics
World Cup
Random Quiz
Search Sporcle
×
Quiz Lab
Quiz Lab
Sports
Premier League
Type in answers that appear in a list
Type in answers that appear in a list
Classic
Best Score? Go Orange.
Premier League Scorers 09/10 Stats
Can you name the top 125 Premier League goal scorers for 2009-2010?
By
husker_fan_97
16m
125 Questions
123 Plays
123 Plays
123 Plays
Comments
Comments
Give Quiz Kudos
Give Quiz Kudos
-
- Ratings
hide this ad
More Info
Forced Order
Answers have to be entered in order
Answers have to be entered in order
Replay
Link that replays current quiz
Next Quiz
Link to next quiz in quiz playlist
You Got
0%
They Got
Avg Score
22%
Avg Friend Score
Upgrade to see
Score Distribution
Jump to the score distribution portion of the page
Score
0/125
Timer
16:00
0
Plays Today
Goals
Player
% Correct
29
Didier Drogba
99.2%
26
Wayne Rooney
99.2%
22
Frank Lampard
92.7%
22
Carlos Tevez
91.9%
18
Fernando Torres
90.2%
18
Jermain Defoe
86.2%
24
Darren Bent
85.4%
15
Francesc Fabregas
82.1%
14
Emmanuel Adebayor
73.2%
13
Gabriel Agbonlahor
71.5%
12
Dimitar Berbatov
71.5%
13
Louis Saha
61.8%
11
Nicolas Anelka
61.8%
12
Florent Malouda
59.3%
10
Andrey Arshavin
57.7%
9
Steven Gerrard
56.1%
10
John Carew
52%
10
Carlton Cole
52%
9
Kevin Doyle
50.4%
10
Craig Bellamy
48.8%
9
Dirk Kuyt
47.2%
10
Cameron Jerome
44.7%
8
Peter Crouch
44.7%
10
Hugo Rodallega
43.9%
9
Kenwyne Jones
39.8%
8
Tim Cahill
39.8%
9
Robin van Persie
36.6%
8
Steven Fletcher
36.6%
9
David Dunn
35.8%
8
Bobby Zamora
35.8%
7
Kevin Davies
33.3%
8
Aruna Dindane
30.1%
7
Clint Dempsey
30.1%
5
Ryan Giggs
30.1%
7
James Milner
29.3%
6
Nicklas Bendtner
26.8%
7
Graham Alexander
24.4%
6
Yossi Benayoun
24.4%
6
Robbie Keane
24.4%
5
Salomon Kalou
22.8%
7
Thomas Vermaelen
22%
6
Mikel Arteta
22%
Goals
Player
% Correct
6
Damien Duff
20.3%
8
Ivan Klasnic
19.5%
8
Matthew Taylor
19.5%
6
Stephen Hunt
19.5%
5
Lee Bowyer
17.9%
6
Niko Kranjcar
17.1%
6
Vassiriki Diaby
16.3%
5
Ashley Young
16.3%
5
David Ngog
15.4%
6
David Nugent
13.8%
5
Danny Murphy
13.8%
5
Antonio Valencia
13.8%
4
Ashley Cole
13.8%
7
Alessandro Diamanti
13%
5
Matthew Etherington
13%
5
Charles N'Zogbia
13%
5
Roman Pavlyuchenko
13%
6
Diniyar Bilyaletdinov
12.2%
5
Jimmy Bullard
12.2%
5
Gary Cahill
12.2%
5
Guillermo Franco
12.2%
5
Frederic Piquionne
12.2%
5
James McFadden
11.4%
4
Ryan Babel
11.4%
4
Michael Ballack
11.4%
5
Jason Roberts
10.6%
4
Frazier Campbell
10.6%
5
Jody Craddock
9.8%
5
Ayegbeni Yakubu
9.8%
4
Neves Denilson
9.8%
3
Michael Essien
8.9%
4
Darren Fletcher
8.1%
3
Emile Heskey
8.1%
3
Luis Nani
8.1%
3
Michael Owen
8.1%
4
Steven Pienaar
7.3%
3
Gareth Bale
7.3%
4
Da Silva Eduardo
6.5%
4
Sebastian Larsson
6.5%
4
Tuncay Sanli
6.5%
3
Ricardo Fuller
6.5%
3
William Gallas
6.5%
Goals
Player
% Correct
3
Deiberson Geovanni
6.5%
3
Paul Scholes
6.5%
4
Wade Elliott
5.7%
3
James Beattie
5.7%
3
Richard Dunne
5.7%
3
Glen Johnson
5.7%
3
Aaron Lennon
5.7%
3
Theo Walcott
5.7%
4
Araujo Ilan
4.9%
4
Kevin Phillips
4.9%
4
Christopher Samba
4.9%
4
Shaun Wright-Phillips
4.9%
3
Christian Benitez
4.9%
3
Kevin-Prince Boateng
4.9%
3
Tamir Cohen
4.9%
3
Luka Modric
4.9%
3
Ji-Sung Park
4.9%
3
Chung-Yong Lee
4.1%
4
Ryan Nelsen
4.1%
4
Martin Paterson
4.1%
4
Paul Scharner
4.1%
3
Johan Elmander
4.1%
3
Robert Huth
4.1%
3
Matthew Jarvis
4.1%
3
Dave Kitson
4.1%
3
Erik Nevland
4.1%
3
Tomas Rosicky
4.1%
3
Nadir Belhadj
3.3%
3
Emmerson Boyce
3.3%
3
Morten Gamst Pedersen
3.3%
3
Jan Vennegoor of Hesselink
3.3%
4
Martin Petrov
2.4%
3
Roque Santa Cruz
2.4%
4
Steven Thompson
1.6%
3
El-Hadji Diouf
1.6%
3
Younes Kaboul
1.6%
3
Aaron Ramsey
1.6%
3
Matthew Upson
1.6%
3
Micah Richards
0.8%
3
Liam Ridgewell
0.8%
3
Junior Stanislas
0%
Quiz Playlist
Details
Report
Send in Message
Add To Playlist
More Info:
125 players scored 3 goals or more : ties are put alphabetical order for players' name
Classic:
Type in answers that appear in a list
Forced Order:
Answers have to be entered in order
Quiz Source
Last Updated: Feb 16, 2017
Quiz Scoreboard
CHALLENGE
Sign Up to Join the Scoreboard
Show All
Scores
Hide
Comments
May contain spoilers
Recently Published
Find the 'City' Movie
by crazypaving
Movies
60s
5x2 Blitz: Bands
by SL_Kpop136
Music
30s
Colored Red Africa Blitz
by spor1
Geography
30s
More to Explore
Quiz From the Vault
Featured Blog Post
14 Easter Pick-up Lines to Find Eggs With
hide this ad
You Might Also Like...
Tags
Premier League Quiz
125
2009-2010
goal
League
Player
Premier
Scorer
team
Today's Top Quizzes in Sports
Browse Sports
hide this ad
Today's Top Quizzes in Premier League
Browse Premier League
Top Contributed Quizzes in Sports
1
Players with Multiple 50 Home Run Seasons
2
Criteria MLB: Left Handed Sluggers
3
MLB Players with Two .350 Batting Average Seasons
4
Who Hit More Homers?
5
Premier League Clubs since 2000 (minefield)
6
Who Needs Fielders?
7
2020 F1 Drivers Logic Puzzle
8
Les entraîneurs de l'OM et du PSG au 21e siècle
9
Top 10 NHL Goal Scorers of All Time
10
MLB Hall of Famer by Rings
Explore More
Trending Topics
Crossword
NBA
Disney
Anime
Harry Potter
Marvel
Kpop
Soccer
The Office
Country
Puzzle
Song
Pokémon
WWE
NFL
hide this ad
More By:
husker_fan_97
Quiz
Plays
Rating
Category
Featured
Created
NFL Cities Chain Game
13,907
4.17
Sports
Jul 27, 2010
EPL Chain Game
3,620
3.88
Sports
Jul 27, 2010
Pokemon Gym Type
2,174
4.50
Gaming
Jun 17, 2010
Top 25 Rap Songs (2000's)
1,872
1.67
Music
May 23, 2010
Nebraska Counties
1,628
4.57
Geography
Mar 31, 2010
Go to Creator's Profile
Score Distribution
Quiz Creator Spotlight
husker_fan_97
Follow
Send a Message
Quizzes Created
-
Created Quiz Play Count
-
More By This Creator
Popular Quizzes Today
1
Colored Red Africa Blitz
2
Find the 'City' Movie
3
5x2 Blitz: Bands
4
Find the US States - No Outlines Minefield
5
The Countries of the World
6
Find the US States
7
US States
8
9x9 Crossword: Cartoon Network
More Sports Quizzes
Solskjaer's Premier League Defeated XI's
Quiz Lab
Trending Quizzes
Colored Red Europe Blitz I
Colored Red Africa Blitz II
Colored Red Africa Blitz III
Colored Red Europe Blitz III
Colored Red Europe Blitz II
Recently Updated
Champions League XIs: Real Madrid
pecheneg
Largest US Cities 1790-2010
pecheneg
Rides in Walt Disney World
pecheneg
Most Oscar Losses (Acting)
pecheneg
Beyoncé Albums
pecheneg
Leaping Animals
pecheneg
Reality TV Shows (A-Z)
bhenderson79
Rickey Henderson's Hall of Fame Teammates
pecheneg
Champions League XIs: Arsenal
pecheneg
Quick Pick: Celebrities in WWE's Hall of Fame
aduchscher
Trending Topics
Anime
Harry Potter
Crossword
Disney
Marvel
Kpop
NBA
Country
The Office
Song
WWE
Pokémon
Puzzle
Soccer
NFL
Your Account Isn't Verified!
In order to create a playlist on Sporcle, you need to verify the email address you used during registration. Go to your
Sporcle Settings
to finish the process.
Report this User
Report this user for behavior that violates our
Community Guidelines
.
Details:
Send Report
Go to the Sporcle.com Mobile Site →
Comments